modele opla - Statystyki

Ogólne statystyki
  • Ten quiz został rozwiązany 59 razy
  • Średni wynik to 8 z 26
Statystyki odpowiedzi
Odpowiedź % Poprawnych
astra
96%
corsa
92%
vectra
71%
insignia
67%
zafira
63%
meriva
47%
omega
45%
mokka
41%
vivaro
39%
combo
24%
agila
22%
grandland
22%
movano
22%
adam
20%
crossland
18%
signum
16%
tigra
16%
frontera
12%
GT
12%
ampera
6%
antara
6%
cascada
6%
karl
6%
speedster
4%
monterey
0%
vita
0%
Nie znaleziono quizów pasujących do podanych kryteriów
Rozkład punktacji
Procent ludzi z każdym wynikiem
Percentyl według liczby udzielonych odpowiedzi
Twoja historia wyników
Nie rozwiązałeś tego quizu